Ảnh hưởng các mức độ bổ sung bã rượu bắp khô trong khẩu phần lên sinh trưởng, tiêu tốn thức ăn và hiệu quả kinh tế của heo thịt : Luận văn Thạc sĩ khoa học ngành Chăn nuôi

Đánh giá ảnh hưởng của các mức độ bổ sung bã rượu bắp khô (DDGS) lên sinh trưởng, năng suất, chất lượng và màu sắc quầy thịt heo giống Yorkshire x Landrace sau cai sữa để vỗ béo.

Guardat en:
Dades bibliogràfiques
Autor principal: Huỳnh, Đăng Thắng
Format: Llibre
Idioma:Undetermined
Publicat: Cần Thơ Trường Đại học Cần Thơ 2011
Matèries:
Etiquetes: Afegir etiqueta
Sense etiquetes, Sigues el primer a etiquetar aquest registre!
Thư viện lưu trữ: Trung tâm Học liệu Trường Đại học Cần Thơ
LEADER 01248nam a2200229Ia 4500
001 CTU_169974
008 210402s9999 xx 000 0 und d
082 |a 636.4085 
082 |b Th116 
088 |a 60620105 
100 |a Huỳnh, Đăng Thắng 
245 0 |a Ảnh hưởng các mức độ bổ sung bã rượu bắp khô trong khẩu phần lên sinh trưởng, tiêu tốn thức ăn và hiệu quả kinh tế của heo thịt : 
245 0 |b Luận văn Thạc sĩ khoa học ngành Chăn nuôi 
245 0 |c Huỳnh Đăng Thắng ; Nguyễn Nhựt Xuân Dung (Hướng dẫn khoa học) 
260 |a Cần Thơ 
260 |b Trường Đại học Cần Thơ 
260 |c 2011 
520 |a Đánh giá ảnh hưởng của các mức độ bổ sung bã rượu bắp khô (DDGS) lên sinh trưởng, năng suất, chất lượng và màu sắc quầy thịt heo giống Yorkshire x Landrace sau cai sữa để vỗ béo. 
650 |a Heo,Swine 
650 |x Thức ăn và thức ăn chăn nuôi,Feeding and feeds 
904 |i H. Nhung 
980 |a Trung tâm Học liệu Trường Đại học Cần Thơ